| 000 | 00796nam a2200217 a 4500 | ||
|---|---|---|---|
| 001 | 1908954 | ||
| 003 | AM-YeHGA | ||
| 005 | 20250617165037.0 | ||
| 008 | 230613s1887 ru |||||||||||||||||rus|d | ||
| 040 | _aAM-YeHGA | ||
| 041 | 0 | _arus | |
| 100 | 1 |
_aВиноградов, Павел Гаврилович, _d1854-1925 |
|
| 245 | 1 | 0 |
_aИзследования по социальной истории Англии в средние века / _c[Соч.] П. Виноградова |
| 260 |
_aСанкт-Петербург : _bтип. В.С. Балашева, _c1887. |
||
| 300 |
_a[6], 259 с. _c24,5 см. |
||
| 504 | _aбибл. в примеч. | ||
| 650 | 1 | 4 |
_aСоциальная история _zАнглия |
| 650 | 1 | 4 | _aСредние века |
| 942 |
_2udc _cBK |
||
| 090 | _c573173 | ||
| 999 |
_c533744 _d533744 |
||